Top 20 Most Famous Island Countries - Statistics

General Stats
  • This quiz has been taken 179 times
  • The average score is 17 of 20
Answer Stats
% country % Correct
92 Japan
97%
82 New Zealand
97%
94 United Kingdom
95%
74 Indonesia
94%
78 Cuba
93%
88 Iceland
93%
78 Madagascar
93%
87 Ireland
91%
51 Dominican Republic
89%
60 Jamaica
89%
66 Philippines
89%
50 Bahamas
87%
51 Cyprus
87%
59 Haiti
87%
47 Malta
86%
59 Sri Lanka
86%
57 Taiwan
81%
58 Dominica
73%
59 Papua New Guinea
68%
47 Singapore
68%
No matching quizzes found
Score Distribution
Percent of People with Each Score
Percentile by Number Answered
Your Score History
You have not taken this quiz